<?xml version="1.0" encoding="UTF-8"?>
<record
    xmlns:xsi="http://www.w3.org/2001/XMLSchema-instance"
    xsi:schemaLocation="http://www.loc.gov/MARC21/slim http://www.loc.gov/standards/marcxml/schema/MARC21slim.xsd"
    xmlns="http://www.loc.gov/MARC21/slim">

  <leader>02286nam a22002177a 4500</leader>
  <controlfield tag="008">120831t        xxu||||| |||| 00| 0 eng d</controlfield>
  <datafield tag="020" ind1=" " ind2=" ">
    <subfield code="a">9780176629977</subfield>
  </datafield>
  <datafield tag="020" ind1=" " ind2=" ">
    <subfield code="a">0176629977</subfield>
  </datafield>
  <datafield tag="050" ind1=" " ind2=" ">
    <subfield code="a">QA76.5.C73</subfield>
  </datafield>
  <datafield tag="110" ind1=" " ind2=" ">
    <subfield code="a">Niagara College, Canada</subfield>
  </datafield>
  <datafield tag="245" ind1=" " ind2=" ">
    <subfield code="a">MICR 1483: computer applications. /</subfield>
    <subfield code="c">Niagara College, Canada </subfield>
  </datafield>
  <datafield tag="300" ind1=" " ind2=" ">
    <subfield code="a">??xxvi, 502 p.:</subfield>
    <subfield code="c">25cm.</subfield>
  </datafield>
  <datafield tag="500" ind1=" " ind2=" ">
    <subfield code="a">Includes index.</subfield>
  </datafield>
  <datafield tag="505" ind1=" " ind2=" ">
    <subfield code="a">??Contents: The Amazing computer: Introduction to computer systems -- Introduction to the internet -- Interacting with your computer: Standard input devices -- Alternative input devices -- Output devices: Monitors and sound systems -- Devices that output hard copy -- Processing data: Transforming data into information -- CPUs used in personal computers -- Storing information in computer: Types of storage devices -- Measuring and improving drive performance -- The Operating system and user interface: Operating system basics -- PC operating systems -- Networks and data communications: Networking basics -- Networking the home, the office, and the globe -- The Internet and online resources: Internet basics -- Getting online, working online -- Application software: Word processors and spreadsheets: Word processing and desktop publishing software -- Spreadsheet software -- Application software: Presentation programs and databases: Presentation programs -- Database management systems -- Graphics and multimedia: Graphics and graphics software -- Understanding multimedia -- Development of information systems: The basics of information systems -- Building information systems.</subfield>
  </datafield>
  <datafield tag="520" ind1=" " ind2=" ">
    <subfield code="a">This is an interactive, hands-on computer applications course that provides the student with the basic, intermediate and advanced word processing skills to produce a variety of business documents. Students will also develop proficiency in using presentation software. Emphasis will be placed on building skills to prepare the student for MOS (Microsoft Office Specialist) certification. Students will also create an eportfolio showcasing a variety of digital artifacts to promote reflection, self-awareness and future planning.</subfield>
  </datafield>
  <datafield tag="650" ind1=" " ind2=" ">
    <subfield code="a">Microsoft Word</subfield>
  </datafield>
  <datafield tag="650" ind1=" " ind2=" ">
    <subfield code="a">Word processing</subfield>
  </datafield>
  <datafield tag="650" ind1=" " ind2=" ">
    <subfield code="a">Business presentations. </subfield>
  </datafield>
  <datafield tag="650" ind1=" " ind2=" ">
    <subfield code="a">Public speaking.</subfield>
  </datafield>
  <datafield tag="942" ind1=" " ind2=" ">
    <subfield code="2">lcc</subfield>
    <subfield code="c">BK</subfield>
  </datafield>
  <datafield tag="999" ind1=" " ind2=" ">
    <subfield code="c">7483</subfield>
    <subfield code="d">14983</subfield>
  </datafield>
  <datafield tag="952" ind1=" " ind2=" ">
    <subfield code="0">0</subfield>
    <subfield code="1">0</subfield>
    <subfield code="2">lcc</subfield>
    <subfield code="4">0</subfield>
    <subfield code="7">0</subfield>
    <subfield code="a">WIUC-KL</subfield>
    <subfield code="b">WIUC-KL</subfield>
    <subfield code="c">GEN</subfield>
    <subfield code="d">2019-11-15</subfield>
    <subfield code="o">QA76.5.C73</subfield>
    <subfield code="p">K/2432/2432/19</subfield>
    <subfield code="r">2020-07-13 00:00:00</subfield>
    <subfield code="w">2020-07-13</subfield>
    <subfield code="y">BK</subfield>
  </datafield>
  <datafield tag="952" ind1=" " ind2=" ">
    <subfield code="0">0</subfield>
    <subfield code="1">0</subfield>
    <subfield code="2">lcc</subfield>
    <subfield code="4">0</subfield>
    <subfield code="7">0</subfield>
    <subfield code="8">NFIC</subfield>
    <subfield code="a">WIUC-1</subfield>
    <subfield code="b">WIUC-1</subfield>
    <subfield code="c">GEN</subfield>
    <subfield code="d">2023-06-20</subfield>
    <subfield code="l">0</subfield>
    <subfield code="o">QA76.5.C73</subfield>
    <subfield code="p">9604/305/223</subfield>
    <subfield code="r">2023-06-20 00:00:00</subfield>
    <subfield code="t">1</subfield>
    <subfield code="w">2023-06-20</subfield>
    <subfield code="y">BK</subfield>
  </datafield>
</record>
